<?xml version="1.0" encoding="UTF-8"?>
<marc:record xmlns:marc="http://www.loc.gov/MARC21/slim">
   <marc:leader>00000nam a2200000 a 4500</marc:leader>
   <marc:datafield ind1="1" ind2=" " tag="100">
      <marc:subfield code="a">Mulcahy, Russell</marc:subfield>
      <marc:subfield code="4">drt</marc:subfield>
      <marc:subfield code="e">Regisseur/-in</marc:subfield>
   </marc:datafield>
   <marc:datafield ind1="0" ind2="0" tag="245">
      <marc:subfield code="a">Teen Wolf: die komplette fünfte Staffel [Bildtonträger]</marc:subfield>
   </marc:datafield>
   <marc:datafield ind1=" " ind2="1" tag="264">
      <marc:subfield code="a">Ahrensfelde</marc:subfield>
      <marc:subfield code="b">Capelight Pictures</marc:subfield>
   </marc:datafield>
   <marc:datafield ind1="1" ind2=" " tag="490">
      <marc:subfield code="a">Teen Wolf</marc:subfield>
      <marc:subfield code="v">5</marc:subfield>
   </marc:datafield>
   <marc:datafield ind1="1" ind2=" " tag="520">
      <marc:subfield code="a">Produktionsjahre: 2015-2016 Für Scott und seine Freunde beginnt das letzte Jahr an der Highschool. Dass sich ihre Wege nach dem Schulabschluss trennen könnten, macht vor allem Stiles schwer zu schaffen, der das Rudel um jeden Preis zusammenhalten will. Doch die Zukunftspläne rücken schon bald in den Hintergrund, als die mysteriösen Schreckensärzte – ein Chirurg, ein Pathologe und eine Genetikerin – in Beacon Hills auftauchen, die grausame Experimente an Menschen durchführen und die Stadt mit einer bestialischen Kreatur terrorisieren, die mächtiger ist als alles, womit das Rudel es jemals zu tun gehabt hat.</marc:subfield>
   </marc:datafield>
   <marc:datafield ind1="1" ind2=" " tag="521">
      <marc:subfield code="a">FSK ab 16 freigegeben</marc:subfield>
   </marc:datafield>
   <marc:datafield ind1="1" ind2=" " tag="521">
      <marc:subfield code="a">16</marc:subfield>
   </marc:datafield>
   <marc:datafield ind1=" " ind2=" " tag="338">
      <marc:subfield code="a">Videodisk</marc:subfield>
   </marc:datafield>
   <marc:datafield ind1=" " ind2=" " tag="300">
      <marc:subfield code="a">7 DVDs</marc:subfield>
   </marc:datafield>
</marc:record>
